000 00364pab a2200157 454500
008 180718b2005 xxu||||| |||| 00| 0 eng d
100 _aHu, Yu-Wei
245 _aPrivate (occupational) pensions in China
260 _c2005
300 _ap.15-24.
362 _aOct-Dec
650 _aPensions - China
650 _aPensions
773 _aMargin
909 _a69222
999 _c69222
_d69222